O Guia Definitivo do Marketing Jurd̕ico

Bibliographic Details
Main Author: Motta, Alexandre
Format: eBook
Language:Portuguese
Published: San Pablo: Letras Jurídicas Editora, 2017
Subjects:
Online Access:Acceso restringido

MARC

LEADER 00000nam a22000007a 4500
005 2021010508588.0
007 cr|||| ||||
008 210105s2017 br |||||s|||| 00||0 por d
020 |a 978-85-8248-095-3 
035 |a 32492 
040 |a vLex 
090 |c 11055  |d 11055 
100 1 |a Motta, Alexandre 
245 1 1 |a O Guia Definitivo do Marketing Jurd̕ico  |h [Recurso electrn̤ico] /  |c Alexandre Motta 
256 |a Servicio en ln̕ea 
260 |a San Pablo:  |b Letras Jurídicas Editora,  |c 2017 
300 |a 1 recurso electrn̤ico 
500 |a Apresentaȯ̂ O Objetivo da obra “O Guia Definitivo do Marketing Jurd̕ico” ̌proporcionar aos Advogados e Escritr̤ios Associados de Advocacia, como fazer e organizar o marketing efetivo de um modo ťico, mostrando o passo a passo de todas as ferramentas de resultados que podem ser usadas no dia a dia. Alm̌ disso, o livro mostra como o causd̕ico se ilude ao pensar que o Cd̤igo de Ética ̌proibitivo na utilizaȯ̂ de aė̳s de comunicaȯ̂ atuais. Segundo Alexandre Motta, autor e consultor de marketing jurd̕ico na Inrise Consultoria, “Este ̌um livro que mostra a dicotomia entre teoria e prt̀ica, ťica e lucro, realidade e ilusô do mercado atual. Acima disso, ̌a expressô de dčadas de experin̊cia no setor, onde cada segredo operacional ̌mostrado claramente e com propriedade definida”. O livro ultrapassa os ensinamentos ter̤icos e mostra o modo de implementar aė̳s de estruturaȯ̂, prospecȯ̂ ťica e potencializaȯ̂, mostrando como lucrar com o escritr̤io e como utilizar todas as possibilidades dentro da esfera do marketing jurd̕ico moderno. Alexandre Motta Autor 
506 1 |a Disponible solo en los productos indicados  |d vLex Global  |d vLex Global (Academic Edition, excluding Law Schools)  |d vLex Global (U.S. Academic Edition, Law Schools)  |d vLex Global (U.S. Academic Edition, excluding Law Schools)  |d vLex Global (Academic Edition, Law Schools) 
650 0 4 |a Abogados  |z Brasil 
650 0 4 |a Derecho Pb︢lico y Administrativo  |z Brasil 
740 0 |a vLex Libros (Servicio en ln̕ea) 
856 4 0 |u http://vlex.com/source/guia-definitivo-do-marketing-juridico-32492  |z Acceso restringido 
942 |c BOOK 
999 0 |a Lawyers 
999 0 |a Public and Administrative Law